| 000 | 00624cam a2200217 a 4500 | ||
|---|---|---|---|
| 999 |
_c991 _d991 |
||
| 001 | 14480 | ||
| 003 | BD-DhUAP | ||
| 005 | 20200129154244.0 | ||
| 008 | 200129s2009 bg b 000 0beng | ||
| 040 |
_aDLC _cDLC _dBD-DhUAP |
||
| 082 |
_a347.95492 MEH _223 |
||
| 100 | _aMehedi, Rafiqul Islam. | ||
| 245 | 1 | 0 |
_aCivil litigation in Bangladesh / _cRafiqul Islam Mehedi. |
| 260 |
_aDhaka : _bSaquib Mohammad Sadman, _cc2009. |
||
| 300 |
_aiv, 233 pages ; _c26 cm. |
||
| 504 | _aIncludes bibliographical references. | ||
| 650 | _aCivil law. | ||
| 650 | _aCivil procedure. | ||
| 650 | _aActions and defenses. | ||
| 942 |
_2ddc _cBK |
||